000 00747nam a2200253 a 4500
001 393617
003 GBCCL
005 20241126110412.0
008 860923s1979 nyu 001 0 eng
010 _a 79054748
020 _a0896960773
040 _aDLC
_cDLC
_dDLC
050 0 0 _aCB161
_b.A74 1979
082 _a236.2
_bARM
100 1 _aArmstrong, Herbert W.
_93968
245 1 4 _aThe wonderful world tomorrow :
_bwhat it will be like /
_cby Herbert W. Armstrong.
260 _aNew York :
_bEverest House,
_cc1979.
300 _a106 p. ;
_c22 cm.
500 _aIncludes indexes.
650 0 _aTwenty-first century
_xForecasts.
_91013
650 0 _aProphecies.
_92051
906 _a7
_bcbc
_corignew
_d2
_eocip
_f19
_gy-gencatlg
942 _2ddc
_cBK
999 _c1909
_d1909